| 000 | 01054cam a22002651i 4500 | ||
|---|---|---|---|
| 003 | SA-RiAUC | ||
| 005 | 20251117135323.0 | ||
| 008 | 251006s1961 ua f 000 0 ara c | ||
| 040 |
_aSA-JeALM _bara _cSA-RiAUC. _erda |
||
| 082 | 0 | 4 |
_a213 _qSA-RiAUC |
| 090 |
_a213 _bغ ز ا |
||
| 100 | 1 |
_aالغزالي، محمد، _d1917-1996 _eمؤلف. |
|
| 245 | 1 | 0 |
_aمع الله : _bدراسات في الدعوة والدعاة / _cمحمد الغزالي. |
| 250 | _aالطبعة الثانية. | ||
| 264 | 1 |
_aالقاهرة : _aبغداد : _bدار الكتب الحديثة، _bمكتبة المثنى. _c1961 |
|
| 300 |
_a499 صفحة ؛ _c24 سم |
||
| 336 |
_aنص _btxt _2rdacontent _3كتاب |
||
| 337 |
_aبدون وسيط _bn _2rdamedia |
||
| 338 |
_aمجلد _bnc _2rdacarrier |
||
| 500 | _aملاحظات من الشيخ رحمه الله في بداية الكتاب | ||
| 650 | 7 |
_aالدعوة الإسلامية _2aucsh |
|
| 650 | 7 |
_aالوعظ والإرشاد _2aucsh |
|
| 942 |
_2ddc _cBOOK _n0 |
||
| 949 |
_aSA-JeALM _d251006 _uosman123 _n1 |
||
| 999 |
_c13323 _d13323 |
||